000 00457nam a2200169Ia 4500
008 230917s9999||||xx |||||||||||||| ||und||
020 _cUSD118
040 _e247817
_aMAIN
041 _aEnglish
082 _a647.94 H252F
100 _aHart, Laura, ed.
245 0 _aFront desk management
260 _aNew York
_bLarsen and Keller Education
_c2018
300 _avi, 230 p.
500 _a3133 28/05/2018 RBP18/71430 01/06/2018 Main Budget
942 _cBK
999 _c26884
_d26884